Pohodlné a šik : snadné šití modelů /

Hlavní autor: Acikgoz, Habibe
Další autoři: Hrdličková, Ivana
Jazyk: Čeština
Vydáno: Praha : Svojtka & Co., 2016
Vydání: První české vydání
Témata:
Fyzický popis: 128 stran : ilustrace (převážně barevné) ; 23 cm + 1 CD-ROM
Knihy
Uloženo v:
LEADER 02007cam a2200589 i 4500
001 nkc20162811639
003 CZ PrNK
005 20160930080306.0
007 ta
008 160623s2016 xr a e f 001 0 cze d
015 |a cnb002811639 
020 |a 978-80-256-1792-2  |q (brožováno) 
035 |a (OCoLC)960190156 
040 |a ULG001  |b cze  |d OLA001  |e rda 
041 1 |a cze  |h eng 
072 7 |a 646  |x Odívání. Péče o tělo  |2 Konspekt  |9 19 
080 |a 687.12  |2 MRF 
080 |a 646.21  |2 MRF 
080 |a 646.2  |2 MRF 
080 |a (035)  |2 MRF 
080 |a (084.11)  |2 MRF 
100 1 |a Acikgoz, Habibe  |7 osa2016919843  |4 aut 
240 1 0 |a Bold & beautiful easy sew clothes.  |l Česky 
245 1 0 |a Pohodlné a šik :  |b snadné šití modelů /  |c Habibe Acikgoz 
250 |a První české vydání 
264 1 |a Praha :  |b Svojtka & Co.,  |c 2016 
300 |a 128 stran :  |b ilustrace (převážně barevné) ;  |c 23 cm +  |e 1 CD-ROM 
336 |a text  |b txt  |2 rdacontent 
336 |a statický obraz  |b sti  |2 rdacontent 
337 |a bez média  |b n  |2 rdamedia 
337 |a počítač  |b c  |2 rdamedia 
338 |a svazek  |b nc  |2 rdacarrier 
338 |a počítačový disk  |b cd  |2 rdacarrier 
500 |a Z angličtiny přeložila Ivana Hrdličková 
500 |a Obsahuje rejstřík 
650 0 7 |a dámské oděvy  |7 ph137547  |2 czenas 
650 0 7 |a šití  |7 ph127803  |2 czenas 
650 0 7 |a střihy  |7 ph136724  |2 czenas 
650 0 9 |a women's clothing  |2 eczenas 
650 0 9 |a sewing  |2 eczenas 
650 0 9 |a fashion design  |2 eczenas 
655 7 |a příručky  |7 fd133209  |2 czenas 
655 7 |a obrazové publikace  |7 fd132947  |2 czenas 
655 9 |a handbooks and manuals  |2 eczenas 
655 9 |a pictorial works  |2 eczenas 
700 1 |a Hrdličková, Ivana  |7 xx0088124  |4 trl 
910 2 |a BOA001  |b 2-1375.028 
920 |a KN3148000000861916  |z ULG001 
990 |a BK 
995 |a 01 
991 |b 201609  |c NOV 
996 6 |b 2610682332  |c 2-1375.028  |l MZK  |r Sklad / do 1 hodiny  |n 4  |p p.v.  |w 001578812  |u 000010  |a 1  |e BOA001  |j MZK50  |s P